| 000 | 00493cam a2200181ua 4500 | ||
|---|---|---|---|
| 020 | _c2.00 | ||
| 041 |
_amal _h |
||
| 082 |
_a894.812301 _bpra/pa |
||
| 100 | _aPrabhakaranunni, M . | ||
| 245 |
_aPausthovskyude thirenheduth kathakal / _cM Prabhakaranunni. _hTextual Documents |
||
| 250 |
_a1 / _b. |
||
| 260 |
_aTrivandrum : _bPrabhatham printing and publishing co. pvt. ltd. , _c1967. |
||
| 300 | _a128 ; . | ||
| 365 | _a2.00 | ||
| 504 | _a | ||
| 942 | _cBK | ||
| 999 |
_c12618 _d12618 |
||